| 000 | 00886cam a2200301 a 4500 | ||
|---|---|---|---|
| 999 |
_c736 _d736 |
||
| 001 | 005121846 | ||
| 003 | OCoLC | ||
| 005 | 20191205161241.0 | ||
| 008 | 091125r19851983enk 000 1 eng d | ||
| 015 | _aGB85-26442 | ||
| 020 | _a0552124753 (pbk.) : | ||
| 020 | _a9780552124751 (pbk.) | ||
| 040 |
_aUKM _cUKM _dNCTU |
||
| 042 | _anbic | ||
| 082 | _aFIC PRA | ||
| 100 | 1 |
_aPratchett, Terry. _eauthor |
|
| 245 | 1 | 4 |
_aThe colour of magic / _cTerry Pratchett. |
| 260 |
_aLondon : _bCorgi Books, _c1985. |
||
| 300 |
_a284 p. ; _c18 cm. |
||
| 490 | 0 | _aThe Discworld series. | |
| 500 | _a"The first Discworld novel" -- Cover. | ||
| 500 | _aOriginally published: Gerrards Cross : Colin Smythe, 1983. | ||
| 650 | 0 |
_aDiscworld (Imaginary place) _vFiction. |
|
| 655 | 7 |
_aHumorous fiction. _2gsafd. |
|
| 655 | 7 |
_aFantasy fiction. _2gsafd. |
|
| 655 | 7 |
_aSatire. _2lcsh. |
|
| 942 |
_2ddc _cFIC |
||